000 00947nam a22002297a 4500
005 20240530110622.0
008 161225s2011 ua g 000 0 ara d
017 _a2010/2390
_bمصر. دار الكتب
020 _a9789773277579
040 _aEG-CaGPL
_cEG-CaGPL
082 0 4 _221
_a182.2\
_bم ف
100 0 _aمحمد جمال الكيلانى .
245 1 2 _aالفيثاغورية الجديدة :
_bاصولها و اثرها على فلاسفة العصرين الهللينسى و الرومانى /
_cمحمد جمال الكيلانى .
250 _aط.1
260 _aالاسكندرية :
_bدار الوفاء لدنيا الطباعة و النشر ،
_c2011 .
300 _a460 ص ؛
_c24 سم .
600 0 _aفيثاغورس .
650 0 7 _2qrmak
_aالفيثاغورية .
653 0 0 _aميتافيزيقا العدد عند فيثاغورس .
942 _2ddc
_cBK
999 _c63074
_d63074